[Event "PRVA LIGA CENTRALNE SRBIJE 2015"]
[Site "Kragujevac"]
[Date "2015.09.13"]
[Round "11.1"]
[White "Kahrovic, Mersid"]
[Black "Baralic, Milan"]
[Result "1-0"]
[WhiteElo "2275"]
[BlackElo "2195"]
[PlyCount "53"]
[EventDate "2015.09.05"]

1. c4 Nf6 2. Nc3 c5 3. e4 d6 4. h3 g6 5. Nf3 Nc6 6. d3 Bg7 7. Be3 O-O 8. Be2
Ne8 9. Qd2 Nc7 10. O-O Ne6 11. Bh6 b5 12. cxb5 Ncd4 13. Bxg7 Kxg7 14. Bd1 a6
15. bxa6 Bxa6 16. Re1 Nxf3+ 17. Bxf3 Nc7 18. d4 cxd4 19. Qxd4+ Kg8 20. Nd5 Nxd5
21. exd5 Re8 22. a4 Rc8 23. b4 Rc4 24. Qa7 Qa8 25. Qxa8 Rxa8 26. b5 Bb7 27.
Rxe7 1-0

[Event "PRVA LIGA CENTRALNE SRBIJE 2015"]
[Site "Kragujevac"]
[Date "2015.09.13"]
[Round "11.3"]
[White "Stankovic, Milos"]
[Black "Milanovic, Slavisa"]
[Result "1/2-1/2"]
[WhiteElo "2429"]
[BlackElo "2381"]
[PlyCount "24"]
[EventDate "2015.09.05"]

1. e4 e6 2. d4 d5 3. Nc3 Bb4 4. exd5 exd5 5. Bd3 Nc6 6. a3 Bxc3+ 7. bxc3 Nf6 8.
Ne2 O-O 9. O-O Na5 10. Ng3 Bg4 11. f3 Bd7 12. Bg5 h6 1/2-1/2

[Event "PRVA LIGA CENTRALNE SRBIJE 2015"]
[Site "Kragujevac"]
[Date "2015.09.13"]
[Round "11.3"]
[White "Jovanovic, Dusan D"]
[Black "Nestorovic, Dejan"]
[Result "1/2-1/2"]
[WhiteElo "2381"]
[BlackElo "2402"]
[PlyCount "36"]
[EventDate "2015.09.05"]

1. Nf3 Nf6 2. c4 e6 3. Nc3 Bb4 4. g4 O-O 5. Rg1 d5 6. Qb3 Nc6 7. g5 dxc4 8.
Qxc4 Nd5 9. e3 Re8 10. Ne4 e5 11. a3 Bf8 12. b4 Bf5 13. Bb2 a6 14. d3 Qd7 15.
Be2 Rad8 16. Rc1 Nb6 17. Qc2 Bg6 18. Rg3 Bd6 1/2-1/2

[Event "PRVA LIGA CENTRALNE SRBIJE 2015"]
[Site "Kragujevac"]
[Date "2015.09.13"]
[Round "11.3"]
[White "Markovic, Zoran S"]
[Black "Lapcevic, Milos"]
[Result "1-0"]
[WhiteElo "2367"]
[BlackElo "2376"]
[PlyCount "133"]
[EventDate "2015.09.05"]

1. e4 c5 2. Nf3 d6 3. d4 cxd4 4. Nxd4 Nf6 5. Nc3 a6 6. Be2 e5 7. Nb3 Be7 8. O-O
O-O 9. Kh1 b5 10. a4 Bb7 11. Nd5 Nxe4 12. Bf3 f5 13. axb5 axb5 14. Bxe4 fxe4
15. Na5 Rxa5 16. Rxa5 Qxa5 17. Nxe7+ Kh8 18. Qxd6 Rd8 19. Qxe5 Nc6 20. Nxc6
Bxc6 21. Be3 Qb4 22. Qc7 Qd6 23. Qxd6 Rxd6 24. Ra1 Kg8 25. h3 Kf7 26. Ra7+ Bd7
27. Kh2 Ke6 28. g4 Rd1 29. Rc7 Rd6 30. Ra7 Rd1 31. b3 Rb1 32. Rc7 h6 33. Rc5
Rd1 34. c3 Rd5 35. Rc7 Rd3 36. b4 g5 37. Bd4 Kd6 38. Rc5 Bc6 39. Rf5 Rf3 40.
Rxf3 exf3 41. Bg7 Ke6 42. Bxh6 Kf6 43. Kg3 Kg6 44. Bf8 Bd5 45. Bc5 Be4 46. Be3
Bd5 47. Bb6 Be4 48. Bd8 Bc6 49. h4 gxh4+ 50. Bxh4 Bb7 51. Kf4 Bd5 52. Bd8 Kh6
53. Bb6 Kg6 54. Be3 Kf6 55. Bd2 Ke6 56. Be3 Kf6 57. Bd4+ Ke6 58. c4 bxc4 59. b5
Bb7 60. b6 Kd5 61. Be3 Ke6 62. Bd2 Kd6 63. g5 Kc5 64. Be3+ Kd6 65. g6 Ke6 66.
g7 Kf7 67. Bd4 1-0

[Event "PRVA LIGA CENTRALNE SRBIJE 2015"]
[Site "Kragujevac"]
[Date "2015.09.13"]
[Round "11.3"]
[White "Blesic, Vaso"]
[Black "Milenkovic, Mladen"]
[Result "1-0"]
[WhiteElo "2365"]
[BlackElo "2317"]
[PlyCount "81"]
[EventDate "2015.09.05"]

1. e4 c5 2. c3 d5 3. exd5 Qxd5 4. d4 Nf6 5. Nf3 g6 6. Na3 cxd4 7. Nb5 Na6 8.
Qxd4 Bg7 9. Be3 b6 10. a4 O-O 11. a5 Qb7 12. Bc4 Bg4 13. Qf4 e5 14. Qg3 Bxf3
15. Qxf3 e4 16. Qe2 Nc7 17. O-O Nxb5 18. a6 Qc7 19. Bxb5 Nd5 20. Bd2 Qe5 21.
Rae1 f5 22. f3 e3 23. Bxe3 Nxe3 24. Bc4+ Kh8 25. Qxe3 Qc7 26. Bb5 Qc5 27. Qxc5
bxc5 28. Re7 Bf6 29. Rb7 Rfc8 30. Bd7 Be5 31. Re1 Bf6 32. Re6 Rf8 33. Rc6 Bd8
34. Rc8 Rxc8 35. Bxc8 Bb6 36. Rxb6 Rxc8 37. Rb7 Ra8 38. b4 cxb4 39. cxb4 Kg8
40. b5 Kf8 41. Rxh7 1-0

[Event "PRVA LIGA CENTRALNE SRBIJE 2015"]
[Site "Kragujevac"]
[Date "2015.09.13"]
[Round "11.3"]
[White "Dudukovic, Nikola"]
[Black "Ivanovic, Dragutin"]
[Result "1/2-1/2"]
[WhiteElo "2357"]
[BlackElo "2297"]
[PlyCount "95"]
[EventDate "2015.09.05"]

1. Nf3 d5 2. g3 Nf6 3. Bg2 c6 4. O-O Bf5 5. d4 e6 6. c4 Nbd7 7. Qb3 Qb6 8. c5
Qa6 9. Nc3 h6 10. Bf4 Be7 11. Rfc1 b6 12. Bf1 Ne4 13. cxb6 Qxb6 14. Nxe4 dxe4
15. Nd2 O-O 16. Qxb6 Nxb6 17. Rxc6 Nd5 18. Bg2 Rfd8 19. Nxe4 Nxf4 20. gxf4 Rxd4
21. Ng3 Rb8 22. b3 Rd2 23. Ra6 Bc5 24. Nxf5 exf5 25. Bf3 g6 26. e3 Rbd8 27. Rc6
Be7 28. a4 Bh4 29. Rf1 Rb2 30. Rd1 Bxf2+ 31. Kf1 Rxd1+ 32. Bxd1 Bxe3 33. Bc2
Bxf4 34. h3 Ra2 35. Ke2 Ra1 36. b4 Rh1 37. Rc3 Rh2+ 38. Kd1 Rh1+ 39. Ke2 Be5
40. Rd3 Rh2+ 41. Kd1 f4 42. Bb3 Rb2 43. b5 Bc7 44. Kc1 Rh2 45. Rd7 Bb6 46. Rxf7
Rxh3 47. Be6 Re3 48. Rf6+ 1/2-1/2

[Event "PRVA LIGA CENTRALNE SRBIJE 2015"]
[Site "Kragujevac"]
[Date "2015.09.13"]
[Round "11.3"]
[White "Vilimonovic, Bozidar"]
[Black "Organdziev, Oliver"]
[Result "0-1"]
[WhiteElo "2202"]
[BlackElo "2307"]
[PlyCount "112"]
[EventDate "2015.09.05"]

1. d4 d5 2. c4 Bf5 3. cxd5 Bxb1 4. Qa4+ Qd7 5. Qxd7+ Nxd7 6. Rxb1 Ngf6 7. Nf3
h6 8. e3 Nxd5 9. a3 e6 10. Bb5 c6 11. Bd3 f5 12. Bd2 g5 13. O-O Be7 14. Rfc1 g4
15. Ne1 N7f6 16. Nc2 Ne4 17. Be1 Rg8 18. Na1 Ng5 19. Kf1 Bd6 20. Nb3 h5 21. Nc5
Rg7 22. Ke2 a5 23. h4 gxh3 24. gxh3 Bxc5 25. dxc5 Nxh3 26. Rc4 Ng1+ 27. Kf1 Nf3
28. Ke2 Ne5 29. Rh4 Rh7 30. Bc2 Ng6 31. Rh2 Nf6 32. f3 Kf7 33. Bd2 h4 34. Rc1
Rh5 35. Bb1 e5 36. Rc4 Nd5 37. Ra4 Kf6 38. Rxa5 Rxa5 39. Bxa5 Rh8 40. Bd2 Nf8
41. Be1 h3 42. Bd2 Ne6 43. b4 f4 44. e4 Ndc7 45. Bd3 Nd4+ 46. Kf2 Nce6 47. Bc3
Ng5 48. Bxd4 exd4 49. a4 Ke5 50. Rh1 Kf6 51. Rd1 h2 52. Rh1 Rh3 53. Be2 d3 54.
Bxd3 Rxf3+ 55. Ke2 Re3+ 56. Kd2 Nf3+ 0-1

[Event "PRVA LIGA CENTRALNE SRBIJE 2015"]
[Site "Kragujevac"]
[Date "2015.09.13"]
[Round "11.4"]
[White "Milosavljevic, Ivan"]
[Black "Kuzubov, Yuriy"]
[Result "0-1"]
[WhiteElo "2087"]
[BlackElo "2636"]
[PlyCount "74"]
[EventDate "2015.09.05"]

1. e4 c5 2. Nf3 d6 3. d4 cxd4 4. Nxd4 Nf6 5. Nc3 a6 6. f3 e5 7. Nb3 Be6 8. Bg5
Nbd7 9. Qd2 Be7 10. O-O-O b5 11. Bxf6 Nxf6 12. g4 Nxg4 13. Kb1 Nf6 14. h4 b4
15. Nd5 Bxd5 16. exd5 Qb6 17. h5 a5 18. Qg2 a4 19. Nd2 Kf8 20. Ne4 Rc8 21. Ng3
Nd7 22. Bd3 Nc5 23. Nf5 Bf6 24. Be4 h6 25. Rhg1 Bg5 26. Qh3 Rc7 27. Rg2 b3 28.
cxb3 axb3 29. a3 Qa6 30. Qh1 Nxe4 31. fxe4 Rc2 32. Qg1 g6 33. hxg6 fxg6 34. Ne3
Rxg2 35. Nxg2 Kg7 36. Qe1 Qc4 37. Qa5 Qc2+ 0-1

[Event "PRVA LIGA CENTRALNE SRBIJE 2015"]
[Site "Kragujevac"]
[Date "2015.09.13"]
[Round "11.4"]
[White "Milanovic, Danilo"]
[Black "Djukic, Nebojsa"]
[Result "1-0"]
[WhiteElo "2462"]
[BlackElo "2174"]
[PlyCount "89"]
[EventDate "2015.09.05"]

1. d4 e6 2. c4 Nf6 3. Nc3 d5 4. Bg5 Be7 5. e3 Nbd7 6. cxd5 Nxd5 7. Bxe7 Nxe7 8.
Nf3 b6 9. Rc1 a6 10. Qc2 Bb7 11. Be2 Rc8 12. O-O c5 13. Rfd1 cxd4 14. Rxd4 Qc7
15. Rc4 Qb8 16. Rxc8+ Nxc8 17. Na4 O-O 18. Qc7 b5 19. Qxd7 bxa4 20. Qxa4 Bxf3
21. gxf3 Qxb2 22. Qc2 Qb7 23. Qc7 Qb2 24. Bxa6 Ne7 25. Bd3 Qf6 26. Be4 g6 27.
Rd1 Qg5+ 28. Kh1 Qh4 29. Qg3 Qf6 30. a4 Qc3 31. Qd6 Nf5 32. Bxf5 exf5 33. Kg2
Ra8 34. Rb1 Qc8 35. a5 h5 36. Rb6 Kh7 37. Qe7 Qc4 38. Qf6 Rc8 39. Rb7 Rf8 40.
a6 Qd5 41. Qe7 Kg7 42. a7 h4 43. Qxf8+ Kxf8 44. a8=Q+ Kg7 45. h3 1-0

[Event "PRVA LIGA CENTRALNE SRBIJE 2015"]
[Site "Kragujevac"]
[Date "2015.09.13"]
[Round "11.4"]
[White "Arsovic, Zoran"]
[Black "Livaja, Mario"]
[Result "1-0"]
[WhiteElo "2421"]
[BlackElo "2246"]
[PlyCount "119"]
[EventDate "2015.09.05"]

1. Nf3 Nf6 2. c4 g6 3. Nc3 Bg7 4. e4 d6 5. d4 O-O 6. Be2 c5 7. O-O Bg4 8. d5
Nbd7 9. Bf4 Ne8 10. h3 Bxf3 11. Bxf3 Qa5 12. Bg5 Nef6 13. Be2 a6 14. a4 Rfe8
15. Bd2 Qc7 16. Qc2 e6 17. Rae1 exd5 18. exd5 Re7 19. f4 Rae8 20. Bf3 Rxe1 21.
Rxe1 Qd8 22. g3 Rxe1+ 23. Bxe1 Qe7 24. Qe2 Kf8 25. Kg2 Qxe2+ 26. Bxe2 Ne8 27.
a5 Ke7 28. b3 Bd4 29. Bd2 Ng7 30. Bd3 Ne8 31. Kf3 Ng7 32. Bc2 h5 33. g4 hxg4+
34. hxg4 f5 35. Ne2 Bb2 36. Ng3 Kf6 37. Be1 Ba1 38. gxf5 gxf5 39. Nf1 Kg6 40.
b4 cxb4 41. Bxb4 Nc5 42. Ne3 Bd4 43. Nxf5 Nxf5 44. Kg4 Kf6 45. Bxf5 Bb2 46. Bc8
Bd4 47. Be1 Kf7 48. Kf5 Bf6 49. Bb4 Bd8 50. Be6+ Ke7 51. Be1 Kf8 52. Bc3 Nb3
53. Kg6 Nxa5 54. c5 dxc5 55. d6 Nc6 56. Bg7+ Ke8 57. f5 a5 58. f6 Bxf6 59. Bxf6
Nb8 60. Kg7 1-0

[Event "PRVA LIGA CENTRALNE SRBIJE 2015"]
[Site "Kragujevac"]
[Date "2015.09.13"]
[Round "11.4"]
[White "Todorovic, Nenad I"]
[Black "Bozic, Milan"]
[Result "0-1"]
[WhiteElo "2197"]
[BlackElo "2438"]
[PlyCount "74"]
[EventDate "2015.09.05"]

1. e4 d6 2. d4 c6 3. Nf3 Bg4 4. Nc3 Nf6 5. h3 Bh5 6. g4 Bg6 7. Qe2 e6 8. h4 h5
9. g5 Nfd7 10. Bf4 Qa5 11. Nd2 e5 12. Be3 Be7 13. O-O-O b5 14. a3 a6 15. f4
exf4 16. Bxf4 Qb6 17. e5 dxe5 18. dxe5 Nf8 19. Nce4 Ne6 20. Nd6+ Bxd6 21. exd6
O-O 22. Be3 c5 23. Bg2 Ra7 24. Ne4 Nd7 25. Qf2 b4 26. axb4 Qxb4 27. c3 Qa4 28.
Qc2 Qxc2+ 29. Kxc2 f5 30. gxf6 Nxf6 31. Kd3 Rd7 32. Bc1 Re8 33. Rde1 Nd8 34.
Bf4 c4+ 35. Kd4 Ne6+ 36. Kxc4 Rc8+ 37. Kb4 Nxf4 0-1

[Event "PRVA LIGA CENTRALNE SRBIJE 2015"]
[Site "Kragujevac"]
[Date "2015.09.13"]
[Round "11.4"]
[White "Popovic, Nenad"]
[Black "Grkovic, Vladan"]
[Result "1-0"]
[WhiteElo "2237"]
[BlackElo "2167"]
[PlyCount "108"]
[EventDate "2015.09.05"]

1. d4 d5 2. e3 Nf6 3. Bd3 c5 4. b3 Nc6 5. Bb2 Bg4 6. Ne2 cxd4 7. exd4 Nb4 8.
Bb5+ Bd7 9. Bxd7+ Qxd7 10. a3 Nc6 11. c4 e6 12. Nd2 a5 13. Qc2 Bd6 14. c5 Bb8
15. O-O O-O 16. f4 Ng4 17. Qc3 f5 18. b4 axb4 19. axb4 Rxa1 20. Bxa1 h6 21. b5
Ne7 22. Qd3 Nf6 23. Nf3 Ne4 24. Bb2 Kh8 25. Bc1 Bc7 26. b6 Bb8 27. Be3 Nc6 28.
g3 Qe7 29. Kg2 g5 30. Qa3 Qg7 31. Qc1 Rg8 32. Rg1 Kh7 33. Kh1 Qg6 34. Ne5 Bxe5
35. fxe5 Qh5 36. Rg2 Ra8 37. Ng1 f4 38. gxf4 gxf4 39. Bf2 Ra2 40. Be1 Rxg2 41.
Kxg2 Qg4+ 42. Kf1 Nxd4 43. h3 Qxg1+ 44. Kxg1 Ne2+ 45. Kf1 Nxc1 46. c6 bxc6 47.
b7 Nd3 48. b8=Q Kg6 49. Qe8+ Kf5 50. Qh5+ Ng5 51. h4 Nxe5 52. hxg5 hxg5 53. Bh4
c5 54. Qxg5+ Ke4 1-0

[Event "PRVA LIGA CENTRALNE SRBIJE 2015"]
[Site "Kragujevac"]
[Date "2015.09.13"]
[Round "11.5"]
[White "Zivkovic, Nemanja"]
[Black "Zajic, Milan"]
[Result "1/2-1/2"]
[WhiteElo "2311"]
[BlackElo "2472"]
[PlyCount "34"]
[EventDate "2015.09.05"]

1. d4 Nf6 2. Nf3 d6 3. Nc3 g6 4. e4 Bg7 5. h3 O-O 6. Be3 a6 7. a4 Nc6 8. Be2 e5
9. dxe5 dxe5 10. O-O Be6 11. Ng5 Qe7 12. Nxe6 fxe6 13. Qb1 Nd4 14. Bd1 b5 15.
Re1 c5 16. Na2 Nh5 17. c3 Nc6 1/2-1/2

[Event "PRVA LIGA CENTRALNE SRBIJE 2015"]
[Site "Kragujevac"]
[Date "2015.09.13"]
[Round "11.5"]
[White "Radovanovic, Nikola"]
[Black "Dimitrijevic, Srdjan"]
[Result "1-0"]
[WhiteElo "2407"]
[BlackElo "2258"]
[PlyCount "71"]
[EventDate "2015.09.05"]

1. d4 Nf6 2. c4 e6 3. Nf3 d5 4. Nc3 Bb4 5. cxd5 exd5 6. Bg5 Nbd7 7. e3 O-O 8.
Bd3 c5 9. O-O Qa5 10. Qc2 c4 11. Bf5 Bxc3 12. bxc3 Re8 13. Nd2 Ne4 14. Bxe4
dxe4 15. Bf4 Qd5 16. Rfb1 g5 17. Bg3 b5 18. a4 Ba6 19. axb5 Bxb5 20. Nxe4 Bc6
21. f3 Qf5 22. Ra6 Re6 23. Rba1 h5 24. R1a5 Bd5 25. Rxe6 fxe6 26. Qc1 h4 27.
Nd6 Qd3 28. e4 Kf8 29. exd5 Rb8 30. Rb5 Rxb5 31. Nxb5 hxg3 32. dxe6 Nf6 33.
hxg3 g4 34. Nc7 Nh5 35. Qh6+ Ng7 36. Qh8+ 1-0

[Event "PRVA LIGA CENTRALNE SRBIJE 2015"]
[Site "Kragujevac"]
[Date "2015.09.13"]
[Round "11.5"]
[White "Djordjevic, Vuk"]
[Black "Krstic, Ranko"]
[Result "1/2-1/2"]
[WhiteElo "2209"]
[BlackElo "2217"]
[PlyCount "47"]
[EventDate "2015.09.05"]

1. e4 c5 2. Nc3 Nc6 3. g3 d6 4. Bg2 g6 5. d3 Bg7 6. Be3 Nf6 7. h3 Rb8 8. Qd2
Nd4 9. Nd1 e5 10. c3 Ne6 11. Ne2 O-O 12. Bh6 b5 13. Bxg7 Kxg7 14. O-O d5 15.
exd5 Nxd5 16. d4 exd4 17. cxd4 c4 18. Ndc3 Nec7 19. Nf4 Bb7 20. Nfxd5 Bxd5 21.
Nxd5 Nxd5 22. Rfe1 a5 23. Re5 Nb4 24. a4 1/2-1/2

[Event "PRVA LIGA CENTRALNE SRBIJE 2015"]
[Site "Kragujevac"]
[Date "2015.09.13"]
[Round "11.5"]
[White "Cvetanovic, Uros"]
[Black "Jovic, Stanoje"]
[Result "1/2-1/2"]
[WhiteElo "2230"]
[BlackElo "2290"]
[PlyCount "20"]
[EventDate "2015.09.05"]

1. e4 c6 2. d3 d5 3. Nd2 g6 4. g3 Bg7 5. Bg2 e5 6. Ngf3 Ne7 7. O-O O-O 8. Re1
Bg4 9. h3 Bxf3 10. Nxf3 Nd7 1/2-1/2

[Event "PRVA LIGA CENTRALNE SRBIJE 2015"]
[Site "Kragujevac"]
[Date "2015.09.13"]
[Round "11.6"]
[White "Ostojic, Nikola"]
[Black "Ristic, Nebojsa M"]
[Result "1/2-1/2"]
[WhiteElo "2420"]
[BlackElo "2374"]
[PlyCount "41"]
[EventDate "2015.09.05"]

1. Nf3 Nf6 2. c4 g6 3. Nc3 Bg7 4. e4 d6 5. d4 O-O 6. Be2 c5 7. O-O Bg4 8. Be3
cxd4 9. Nxd4 Bxe2 10. Qxe2 Nc6 11. Rfd1 Qa5 12. f3 Rfc8 13. Rac1 Qh5 14. Nxc6
Rxc6 15. c5 dxc5 16. Nd5 Bf8 17. Rxc5 Rxc5 18. Bxc5 Qe5 19. Bd4 Qd6 20. Nc3 Qc6
21. Be3 1/2-1/2

[Event "PRVA LIGA CENTRALNE SRBIJE 2015"]
[Site "Kragujevac"]
[Date "2015.09.13"]
[Round "11.6"]
[White "Radovanovic, Mihajlo"]
[Black "Lukovic, Vladimir"]
[Result "0-1"]
[WhiteElo "2421"]
[BlackElo "2438"]
[PlyCount "74"]
[EventDate "2015.09.05"]

1. Nf3 Nf6 2. c4 c6 3. d4 d5 4. Nc3 a6 5. g3 dxc4 6. Bg2 e6 7. Ne5 b5 8. O-O
Bb7 9. b3 cxb3 10. axb3 Nbd7 11. Qc2 Rc8 12. Rd1 Be7 13. Bb2 O-O 14. Ne4 Nxe4
15. Nxd7 Qxd7 16. Bxe4 h6 17. Qc3 Rfd8 18. Rd3 Qc7 19. Rc1 Bf8 20. Qd2 c5 21.
Bxb7 Qxb7 22. dxc5 Rxd3 23. Qxd3 Rxc5 24. Ra1 Rd5 25. Qc2 Bb4 26. Bc1 Bc3 27.
Ra2 b4 28. f3 Qb5 29. Be3 a5 30. Kg2 f5 31. Qc1 Qd7 32. Bb6 a4 33. Rxa4 Rd2 34.
Bf2 Rxe2 35. Qf1 Qd2 36. Ra8+ Kh7 37. Rd8 Rxf2+ 0-1